Ján Galanda
| Titel: | Ján Galanda / Aurel Hrabušický |
|---|---|
| Verfasser: | |
| Veröffentlicht: | [Bratislava] : Slovart, 2014 |
| Umfang: | 134 S. : überwiegend Ill. |
| Format: | Buch |
| Sprache: | Slowakisch; Englisch |
| RVK-Notation: | |
| ISBN: | 9788055613703 |
| Hinweise zum Inhalt: |
Inhaltsverzeichnis
|
| Lokale Klassifikation: | 24 9 G |
|---|
alg: 35301918 001A $03004:09-01-15 001B $06055:13-03-26 $t20:53:31.000 001C $03004:06-11-15 $t17:44:25.000 001D $03004:06-11-15 001U $0utf8 001X $00 002@ $0Aau 003@ $0353019186 004A $A978-80-556-1370-3 007A $0353019186 $aHEB 007G $0DE0204265E68FE885351EC1257EF9003A1A6C 009P $qapplication/pdf $A2 $3Inhaltsverzeichnis $uhttp://scans.hebis.de/HEBCGI/show.pl?35301918_toc.pdf $mV:DE-603;B:DE-Mb50 010@ $aslo $aeng 011@ $a2014 013D $RBuch $RBildliche Darstellung $#Bildband $#Abbildungen Formschlagwort $#Ansichtspostkarte Formschlagwort $#Bildatlas $#Bilddokumente $#Bilder Formschlagwort $#Bildmaterial Formschlagwort $#Ansichten Formschlagwort $#Bildsammlung $#Abbildungswerk $#Illustrationswerk $#Photographien-Bildband $#Fotographien-Bildband $#Bildbände $D20251120 $Ecgmnf $74145395-5 $8Bildband [Tsz] $9085578738 013D $RDigitale Fotografie $RFototechnik $RFotografisches Verfahren $#Photography $#Photographs $#Photographie $#Photographie $#Fotografie $#Fotografías $#photographs $#Fotografie $#Fotografie $#Fotografie $#Photographie $#Aufnahme Photographie $#Aufnahme Fotografie $#Aufnahme Fotographie $#Aufnahme Photografie $#Foto $#Fotografieren $#Photographieren $#Fotographieren $#Photografieren $#Photo $#Photoaufnahme $#Fotoaufnahme $#Photokunst $#Fotokunst $#Fotographie $#Photografie $#Lichtbild Photographie $#Lichtbild Fotografie $#Lichtbild Fotographie $#Lichtbild Photografie $#Photographische Aufnahme $#Fotografische Aufnahme $#Fotographische Aufnahme $#Photografische Aufnahme $D20251120 $Ecgmnf $74045895-7 $8Fotografie [Tsz] $9085128422 013D $#Beiträge Formschlagwort $#Einzelbeiträge $#Sammelwerk Formschlagwort $D20251120 $Ecgmnf $74143413-4 $8Aufsatzsammlung [Tsz] $9085562742 013H $0z 021A $aJán Galanda $hAurel Hrabušický 028A $7134274490 $8Hrabušický, Aurel$Z1955- [Tp3] $9198556632 033A $p[Bratislava] $nSlovart 034D $a134 S. 034M $aüberwiegend Ill. 044K $D20251120 $Ecgmnf $71077882181 $8Galanda, Ján$Z1904-1960 [Tp1] $9365606421 044K $RDigitale Fotografie $RFototechnik $RFotografisches Verfahren $#Photography $#Photographs $#Photographie $#Photographie $#Fotografie $#Fotografías $#photographs $#Fotografie $#Fotografie $#Fotografie $#Photographie $#Aufnahme Photographie $#Aufnahme Fotografie $#Aufnahme Fotographie $#Aufnahme Photografie $#Foto $#Fotografieren $#Photographieren $#Fotographieren $#Photografieren $#Photo $#Photoaufnahme $#Fotoaufnahme $#Photokunst $#Fotokunst $#Fotographie $#Photografie $#Lichtbild Photographie $#Lichtbild Fotografie $#Lichtbild Fotographie $#Lichtbild Photografie $#Photographische Aufnahme $#Fotografische Aufnahme $#Fotographische Aufnahme $#Photografische Aufnahme $D20251120 $Ecgmnf $74045895-7 $8Fotografie [Tsz] $9085128422 045F $a709.4373 $eDDC23BSB 045F/01 $a709 045F/03 $g4373 045Z $D20251120 $Ecgmnf $8AP 94100 [Tkv] $9407359281 lok: 35301918 24 101B $006-11-15 $t17:48:13.000 101C $006-11-15 101U $0utf8 145Z/01 $a24 9 G exp: 35301918 24 1 #EPN 201B/01 $006-11-15 $t17:48:13.000 201C/01 $009-01-15 201U/01 $0utf8 203@/01 $0747606412 208@/01 $a06-11-15 $bz 209A/01 $a15.02582 $du $f050 $h15 02582 $x00 209C/01 $a15.02582 K $h15 02582 K 209G/01 $a73598150 $x00 220C/01 $akon 244Z/01 $71077882181 $8--Tp1--Galanda, Ján$Z1904-1960 $x01 $9365606421 247C/01 $8358050-7Marburg, Bibliothek des Herder-Instituts Marburg $9102600961
| LEADER | 00000cam a2200000 c 4500 | ||
|---|---|---|---|
| 001 | 353019186 | ||
| 003 | DE-603 | ||
| 005 | 20260313205331.0 | ||
| 007 | tu | ||
| 008 | 150109s2014 xx |||| | u00||u|slo c | ||
| 020 | |a 9788055613703 | ||
| 035 | |a (DE-599)HEB353019186 | ||
| 040 | |a DE-603 |b ger |c DE-603 |d DE-603 | ||
| 041 | |a slo |a eng | ||
| 082 | 0 | 4 | |8 1\u |a 709.4373 |q DE-101 |2 23/BSB |
| 084 | |a AP 94100 |0 (DE-625)8146: |0 (DE-603)407359281 |2 rvk | ||
| 085 | |8 1\u |b 709 | ||
| 085 | |8 1\u |z 2 |s 4373 | ||
| 100 | 1 | |a Hrabušický, Aurel |d 1955- |0 (DE-603)198556632 |0 (DE-588)134274490 |2 gnd | |
| 245 | 0 | 0 | |a Ján Galanda |c Aurel Hrabušický |
| 264 | 1 | |a [Bratislava] |b Slovart |c 2014 | |
| 300 | |a 134 S. |b überwiegend Ill. | ||
| 600 | 1 | 7 | |a Galanda, Ján |d 1904-1960 |0 (DE-588)1077882181 |0 (DE-603)365606421 |2 gnd |
| 650 | 7 | |a Fotografie |0 (DE-588)4045895-7 |0 (DE-603)085128422 |2 gnd | |
| 655 | 7 | |a Bildband |2 gnd-content |0 (DE-588)4145395-5 |0 (DE-603)085578738 | |
| 655 | 7 | |a Fotografie |2 gnd-content |0 (DE-588)4045895-7 |0 (DE-603)085128422 | |
| 655 | 7 | |a Aufsatzsammlung |2 gnd-content |0 (DE-588)4143413-4 |0 (DE-603)085562742 | |
| 856 | 4 | 2 | |m V:DE-603;B:DE-Mb50 |q application/pdf |u http://scans.hebis.de/HEBCGI/show.pl?35301918_toc.pdf |3 Inhaltsverzeichnis |
| 924 | 0 | |9 Mb 50 |a (DE-603)747606412 |b DE-Mb50 |c HES |d c |g 15.02582 | |


